Mapa dels serveis personals locals : cap a un model integral, estratègic, comunitari i participatiu : els ajuntaments de deu a vint mil habitants cap a un model integral, estratègic, comunitari i participatiu :
ISBN:
84-7794-677-9
Publicado:
Barcelona :
Diputació de Barcelona. Patronat Flor de Maig. CIFA: Centre d'Investigació, Formació i Assessorament ,
1999
Descripción Física:
127 p. : taules ; 30 cm
MARC
| LEADER | 00000nam a2200000Ia 4500 | ||
|---|---|---|---|
| 001 | 17643 | ||
| 008 | 160829s1999 xx 000 0 cat d | ||
| 020 | |a 84-7794-677-9 | ||
| 080 | |a S-1-219 | ||
| 245 | |a Mapa dels serveis personals locals : |b cap a un model integral, estratègic, comunitari i participatiu : |b els ajuntaments de deu a vint mil habitants | ||
| 260 | |a Barcelona : |b Diputació de Barcelona. Patronat Flor de Maig. CIFA: |b Centre d'Investigació, Formació i Assessorament, |c 1999 | ||
| 300 | |a 127 p. : |b taules ; |c 30 cm | ||
| 650 | 0 | |a Serveis socials |9 30783 | |
| 650 | 0 | |a Administració local |9 34286 | |
| 710 | 2 | |a Centre d'Investigació, Formació i Assessorament |9 53068 | |
| 710 | 1 | |a Barcelona (Catalunya : Província). |b Diputació |9 52408 | |
| 901 | |a Arxiu | ||
| 942 | |n 1 |2 udc | ||
| 952 | |0 0 |1 0 |4 0 |6 S1219 |7 1 |9 46197 |a Arxiu |b Arxiu |d 2016-12-01 |l 0 |o S-1-219 |p 17643 |r 2016-12-01 00:00:00 |w 2016-12-01 |y ARXIU | ||
| 999 | |c 49699 |d 49699 | ||